| 000 -LEADER |
| fixed length control field |
01236pab a2200193 454500 |
| 008 - FIXED-LENGTH DATA ELEMENTS--GENERAL INFORMATION |
| fixed length control field |
180718b2013 xxu||||| |||| 00| 0 eng d |
| 100 ## - MAIN ENTRY--PERSONAL NAME |
| Personal name |
Williams, Alison |
| 245 ## - TITLE STATEMENT |
| Title |
Emirati women and public sector employment: The implicit patriarchal bargain |
| 260 ## - PUBLICATION, DISTRIBUTION, ETC. |
| Date of publication, distribution, etc. |
2013 |
| 300 ## - PHYSICAL DESCRIPTION |
| Extent |
p.137-149. |
| 362 ## - DATES OF PUBLICATION AND/OR SEQUENTIAL DESIGNATION |
| Dates of publication and/or sequential designation |
Jan |
| 520 ## - SUMMARY, ETC. |
| Summary, etc. |
An implicit patriarchal bargain between Emirati fathers and daughters is examined from a social constructionist perspective. Using qualitative methodology we found that fathers explicitly encourage their daughters to pursue tertiary education and careers, but hedge this break from tradition with implicit understandings that daughters will observe norms that can only realistically be followed in public sector employment. The persistent public-private imbalance in female employment patterns can thus be construed, as a 'wicked problem" that cannot be addressed through market incentive-based policies such as Emiratization but rather through behavioral changes on the part of both UAE businesses and Emirati families. - Reproduced. |
| 650 ## - SUBJECT ADDED ENTRY--TOPICAL TERM |
| Topical term or geographic name entry element |
Women |
| 700 ## - ADDED ENTRY--PERSONAL NAME |
| Personal name |
Williams, Paul |
| 700 ## - ADDED ENTRY--PERSONAL NAME |
| Personal name |
Wallis, Joe |
| 773 ## - HOST ITEM ENTRY |
| Main entry heading |
International Journal of Public Administration |
| 908 ## - PUT COMMAND PARAMETER (RLIN) |
| Put command parameter |
N |
| 909 ## - |
| -- |
99438 |